000 00338nam a2200121Ia 4500
005 20251222154305.0
008 251222s9999||||xx |||||||||||||| ||spa||
082 _a272.2/M22
100 _a"Mannarelli, María Emma"
245 0 _a"Hechiceras, beatas y expósitas: Mujeres y poder inquisitorial en Lima "
250 _a2a.ed.
942 _cLIB
999 _c33175
_d33175